Name The NBA Rookie - Statistics

General Stats
  • This quiz has been taken 717 times
  • The average score is 8 of 16
Answer Stats
First Name Last Name % Correct
Nerlens Noel
87%
Otto Porter
86%
Kentavious Caldwell Pope
79%
Victor Oladipo
76%
Cody Zeller
76%
Rudy Gobert
71%
C.J. McCollum
62%
Kelly Olynyk
46%
Gorgui Dieng
43%
Trey Burke
39%
Alex Len
34%
Tony Snell
33%
Shabazz Muhammad
25%
Michael Carter-Williams
22%
Dennis Schroeder
19%
Sergey Karasev
6%
No matching quizzes found
Score Distribution
Percent of People with Each Score
Percentile by Number Answered
Your Score History
You have not taken this quiz